000 00455nam a22001817a 4500
003 MPLRDC
005 20220104143111.0
008 210129b ||||| |||| 00| 0 eng d
020 _a7-5364-0412-3
082 _a411.3 LBT
100 _a刘培田编著
245 _a食用菌的营养与烹调
_c
250 _a一版一刷
260 _a
_b四川科学技术出版社
_c1986
300 _b
650 _a营养与食品
942 _cBK
_o411.3 LBT
999 _c36615
_d36605